Tilastot visalle Etelä-Amerikan Valtiot - Aakkosjärjestyksessä

Klikkaa tästä pelataksesi tätä visaa!

Yleistilastot

  • Tätä visaa on pelattu 476 kertaa
  • Keskiarvotulos 11 / 12

Vastaukset kartalla

Vastauksille on annettu kartalla punavihreä väri sen mukaan, kuinka moni on saanut sen oikein.
 

Vastaustilastot

Country% Oikein
Argentiina
99%
Bolivia
95%
Brasilia
95%
Chile
94%
Ecuador
89%
Kolumbia
87%
Peru
87%
Guyana
86%
Paraguay
86%
Venezuela
84%
Suriname
83%
Uruguay
83%

Tulosjakauma

Persentiili vastausten määrän mukaan

Jokaisen tuloksen saaneiden osuus

Tuloshistoriasi

Et ole pelannut tätä visaa